Detalles MARC
| 000 -LEADER |
| campo de control de longitud fija |
02875nam a22004097a 4500 |
| 001 - NÚMERO DE CONTROL |
| campo de control |
42835 |
| 003 - IDENTIFICADOR DE NÚMERO DE CONTROL |
| campo de control |
gtgccic |
| 005 - FECHA Y HORA DE LA ÚLTIMA TRANSACCIÓN |
| campo de control |
20251013113219.0 |
| 007 - CAMPO FIJO DE DESCRIPCIÓN FÍSICA--INFORMACIÓN GENERAL |
| campo de control de longitud fija |
ta |
| 008 - DATOS DE LONGITUD FIJA--INFORMACIÓN GENERAL |
| campo de control de longitud fija |
251013b gt ||||| |||| 00| 0 spa d |
| 040 ## - FUENTE DE CATALOGACIÓN |
| Centro catalogador/agencia de origen |
gtgccic |
| Lengua de catalogación |
spa |
| Centro/agencia transcriptor |
gtgccic |
| Normas de descripción |
rda |
| 084 ## - OTRO NÚMERO DE CLASIFICACIÓN |
| Número de control del registro de autoridad o número normalizado |
TPI-14-0061 |
| 100 10 - ENTRADA PRINCIPAL--NOMBRE DE PERSONA |
| Nombre de persona |
Felipe de Jesús Pérez Rodríguez |
| Fechas asociadas al nombre |
Licenciado en Administración de Empresas |
| Término indicativo de función/relación |
autor |
| 245 10 - MENCIÓN DEL TÍTULO |
| Título |
Estrategia de gestión administrativa de la Municipalidad de Santa Cruz Balanyá, Chimaltenango / |
| Mención de responsabilidad, etc. |
Pérez Rodríguez, Felipe de Jesús |
| 264 #1 - PRODUCCIÓN, PUBLICACIÓN, DISTRIBUCIÓN, FABRICACIÓN Y COPYRIGHT |
| Producción, publicación, distribución, fabricación y copyright |
Guatemala, Guatemala : |
| Nombre del de productor, editor, distribuidor, fabricante |
USAC, Facultad de Ingeniería ; |
| Fecha de producción, publicación, distribución, fabricación o copyright |
2014.- |
| 300 ## - DESCRIPCIÓN FÍSICA |
| Extensión |
xxii, 84 p. : |
| Otras características físicas |
il. ; |
| Dimensiones |
27 cm |
| 336 ## - TIPO DE CONTENIDO |
| Fuente |
rdacontenido |
| Término de tipo de contenido |
Texto |
| Código de tipo de contenido |
txt |
| 337 ## - TIPO DE MEDIO |
| Fuente |
rdamedio |
| Nombre/término del tipo de medio |
sin mediación |
| Código del tipo de medio |
n |
| 338 ## - TIPO DE SOPORTE |
| Fuente |
rdasoporte |
| Nombre/término del tipo de soporte |
volumen |
| Código del tipo de soporte |
nc |
| 502 ## - NOTA DE TESIS |
| Nota de tesis |
Tesis Postgrado |
| Tipo de título |
MAESTRO EN INGENIERÍA PARA EL DESARROLLO MUNICIPAL |
| Nombre de la institución que otorga el título |
USAC, Facultad de Ingeniería, Escuela de Postgrado |
| Año de obtención del título |
2014 |
| Identificador de la tesis |
TPI-14-0061 |
| 504 ## - NOTA DE BIBLIOGRAFÍA, ETC. |
| Nota de bibliografía, etc. Nota |
Bibliografía pag. 73 |
| 505 ## - NOTA DE CONTENIDO CON FORMATO |
| Título |
1. CARACTERÍTICAS SOCIOECONÓMICAS DEL MUNICIPIO |
| 505 ## - NOTA DE CONTENIDO CON FORMATO |
| Título |
2. FUNCIONAMIENTO DEL GOBIERNO MUNICIPAL |
| 505 ## - NOTA DE CONTENIDO CON FORMATO |
| Título |
3. DIAGNÓSTICO DE LA ORGANIZACIÓN |
| 505 ## - NOTA DE CONTENIDO CON FORMATO |
| Título |
4. SOLUCIÓN A LA PROBLEMÁTICA MUNICIPAL |
| 505 ## - NOTA DE CONTENIDO CON FORMATO |
| Título |
5. PRESENTACIÓN DE RESULTADOS |
| 505 ## - NOTA DE CONTENIDO CON FORMATO |
| Título |
6. DISCUSIÓN DE RESULTADOS |
| 505 ## - NOTA DE CONTENIDO CON FORMATO |
| Título |
ANEXOS |
| 505 ## - NOTA DE CONTENIDO CON FORMATO |
| Información miscelánea |
1. Manual de Organización y Funciones Municipal propuesto para la Municipalidad de Santa Cruz Balanyá, departamento de Chimaltenango y aprobado por la asesora Maestra Lidia Aracely Mijangos Ortiz contando con el formato de la Asociación Nacional de Municipalidades (ANAM). |
| 520 #3 - RESUMEN, ETC. |
| Sumario, etc. |
El desarrollo municipal se divide en diferentes y amplios aspectos, sin embargo se tomó en cuenta el ámbito de planeación del desarrollo municipal, el cual es una actividad de racionalidad administrativa, encaminada a prever y adaptar armónicamente las actividades de gestión básicas de las municipalidades, en especial las metodologías en el proceso de acompañamiento y apoyo, así como establecer las bases de una carrera administrativa como una estrategia de gestión administrativa municipal.<br/>En la actualidad existe una deficiente organización municipal, derivado a que los colaboradores no ejecutan sus funciones, evidenciando debilidades en la getión municipal, duplicidad de funciones, desorganización y evaluación de gestión del recurso humano, todos son elementos de suma importancia para la realización de está investigación en la Municipalidad. Al mejorar la getión, los mayores beneficiarios serán los vecinos atendidos por la Municipalidad, procedentes de cantones, aldeas, caseríos y áreas pobladas. |
| 650 ## - PUNTO DE ACCESO ADICIONAL DE MATERIA--TÉRMINO DE MATERIA |
| Término de materia o nombre geográfico como elemento de entrada |
ESTRATEGIAS DE DESARROLLO |
| 650 ## - PUNTO DE ACCESO ADICIONAL DE MATERIA--TÉRMINO DE MATERIA |
| Término de materia o nombre geográfico como elemento de entrada |
GESTIÓN DE CONFLICTOS |
| 650 ## - PUNTO DE ACCESO ADICIONAL DE MATERIA--TÉRMINO DE MATERIA |
| Término de materia o nombre geográfico como elemento de entrada |
FUEROS MUNICIPALES |
| 700 ## - ENTRADA AGREGADA--NOMBRE PERSONAL |
| Nombre de persona |
Mtra. Lidia Aracely Mijangos Ortíz |
| Término indicativo de función/relación |
asesor |
| 942 ## - ELEMENTOS DE ENTRADA SECUNDARIOS (KOHA) |
| Fuente de la clasificación o esquema de estantería |
Clasificación Decimal Dewey |
| Tipo de ítem Koha |
TESISPOSTGRADO |
| 945 ## - PROCESAMIENTO DE INFORMACIÓN LOCAL (OCLC) |
| a |
amlo |